000 00598nam a2200217Ia 4500
005 20250508165140.0
008 008 250505s9999 xx 000 0 eng d
020 _a978-1-4411-1622-2
037 _aTextual
040 _aFEDL
_beng
_cFEDL
041 _aeng
_2eng
084 _a371.102, ELL
_qFEDL
100 _aEllis Viv Ed.
_9779995
245 0 _aLearning and teaching in secondary schools
250 _a4
260 _aExeter, UK
_bLearning Matters Ltd.
_c2011
300 _aviii,198p.
365 _aGBP
_b18
942 _cTEXL
_h371.102, ELL
999 _c1393430
_d1393430